Normal view
MARC view
Entry Personal Name
001 - CONTROL NUMBER
- control field: 38357
003 - CONTROL NUMBER IDENTIFIER
- control field: dpl
005 - DATE AND TIME OF LATEST TRANSACTION
- control field: 20120105143017.0
008 - FIXED-LENGTH DATA ELEMENTS
- fixed length control field: 120105|||a|||||| | ||| d
040 ## - CATALOGING SOURCE
- Original cataloging agency: dpl
- Transcribing agency: dpl
100 ## - HEADING--PERSONAL NAME
- Personal name: McDonald, Megan
670 ## - SOURCE DATA FOUND
- Source citation: Work cat.: (dpl)60338: McDonald, Megan , Judy Moody goes to college /, 2008
670 ## - SOURCE DATA FOUND
- Source citation: Work cat.: (dpl)60338: McDonald, Megan , Judy Moody goes to college /, 2008
